An Introductions to Analysis/ (Record no. 172502)

MARC details
000 -LEADER
fixed length control field 00561nam a22001937a 4500
005 - DATE AND TIME OF LATEST TRANSACTION
control field 20200206122200.0
010 ## - LCCN (DPL NO)
LC control number ENG-127661
020 ## - INTERNATIONAL STANDARD BOOK NUMBER
International Standard Book Number 9789353432768
Terms of availability 629.00
035 ## - SYSTEM CONTROL NUMBER
System control number EN-111193
037 ## - SOURCE OF ACQUISITION
Source of stock number/acquisition DBAD/PUB
082 ## - DEWEY DECIMAL CLASSIFICATION NUMBER
Classification number 515
100 ## - MAIN ENTRY--PERSONAL NAME
Personal name Wade,William
245 ## - TITLE STATEMENT
Title An Introductions to Analysis/
Remainder of title by William Wade
250 ## - EDITION STATEMENT
Edition statement 4th.
260 ## - PUBLICATION, DISTRIBUTION, ETC. (IMPRINT)
Place of publication, distribution, etc Noida
Name of publisher, distributor, etc Pearson
Date of publication, distribution, etc 2019
270 ## - ADDRESS
City Noida
Address 15th floor,Tower-B,World Trade Tower,plot no.1,Block-c,sector 16
Postal code 201301
300 ## - PHYSICAL DESCRIPTION
Extent xiii;680p.
Other physical details 23cm(pbk)
942 ## - ADDED ENTRY ELEMENTS (KOHA)
Source of classification or shelving scheme Dewey Decimal Classification
Item type English Books
Classification part 515
Call number suffix WAD
Holdings
Withdrawn status Lost status Not for loan Collection code Home library Current library Date acquired Source of acquisition Cost, normal purchase price Full call number Barcode Copy number Cost, replacement price Koha item type
      Non-fiction Sarojini Nagar Sarojini Nagar 06/02/2020 DBAD/PUB 629.00 515 WAD EN-111193 1 629.00 English Books

© Delhi Public Library
Hit Counter
free hit counter